[Event "SVK-chT2D 2324"]
[Site "Slovakia"]
[Date "2023.10.07"]
[Round "1.4"]
[White "Kupcik, Jozef"]
[Black "Pacholsky, Martin"]
[Result "1/2-1/2"]
[WhiteElo "1767"]
[BlackElo "1981"]
[PlyCount "57"]
[EventDate "2023.10.07"]
[EventType "team-tourn"]
[EventRounds "11"]
[EventCountry "SVK"]
[SourceTitle "EXT 2025"]
[Source "ChessBase"]
[SourceDate "2024.10.14"]
[SourceVersion "1"]
[SourceVersionDate "2024.10.14"]
[SourceQuality "1"]
[WhiteTeam "Kosice DPMK"]
[BlackTeam "Margecany"]
[WhiteTeamCountry "SVK"]
[BlackTeamCountry "SVK"]

1. c4 e6 2. Nc3 f5 3. d4 Nf6 4. g3 d5 5. cxd5 exd5 6. Nf3 c6 7. Bg2 Bd6 8. 0-0 0-0 9. Bd2 Nbd7 10. Qc2 Ne4 11. Rac1 Qe8 12. e3 Qh5 13. Ne2 Ndf6 14. Nf4 Qf7 15. Ne5 Qc7 16. Nfd3 Be6 17. Bb4 Bxb4 18. Nxb4 Rac8 19. Nbd3 Nd7 20. a3 Qd6 21. Qa4 a6 22. Nxd7 Qxd7 23. Nc5 Qe7 24. Qb4 Rc7 25. Nxe4 Qxb4 26. Nf6+ Rxf6 27. axb4 Re7 28. h4 Bf7 29. Rfe1 1/2-1/2

[Event "SVK-ch sf 28th corr"]
[Site "Slovakia"]
[Date "2002.??.??"]
[Round "?"]
[White "Kupcik, Jozef"]
[Black "Bujdak, Pavol"]
[Result "0-1"]
[WhiteElo "2186"]
[BlackElo "2030"]
[PlyCount "102"]
[EventDate "2002.12.07"]
[EventType "tourn (corr)"]
[EventRounds "8"]
[EventCountry "SVK"]
[SourceTitle "Corr 2008"]
[Source "ChessBase"]
[SourceDate "2008.06.24"]
[SourceVersion "1"]
[SourceVersionDate "2008.06.24"]
[SourceQuality "1"]

1. d4 Nf6 2. c4 g6 3. Nc3 Bg7 4. e4 d6 5. f3 0-0 6. Bg5 c5 7. d5 e6 8. Qd2 exd5 9. cxd5 a6 10. a4 Nbd7 11. Nh3 Ne5 12. Nf2 Qa5 13. Ra3 Bd7 14. Be2 Qb4 15. Qc2 h6 16. Bd2 Qb6 17. 0-0 Rfe8 18. Qc1 Kh7 19. h3 g5 20. f4 gxf4 21. a5 Qc7 22. Bxf4 Re7 23. Rb3 Rg8 24. Qd2 Bc8 25. Ra1 Ng6 26. Bg3 Nd7 27. Ncd1 Bd4 28. Kh1 Nf6 29. Rb6 Be5 30. Bxe5 Rxe5 31. Nc3 Rg5 32. g4 Ne5 33. Qf4 Nfxg4 34. Nxg4 Nxg4 35. hxg4 Bxg4 36. Rg1 Bf3+ 37. Bxf3 Rxg1+ 38. Kh2 R1g6 39. Nd1 c4 40. Ne3 c3 41. bxc3 Qxc3 42. Ng2 Qc2 43. Qf5 Kh8 44. Qh3 Qc3 45. Rb1 Rf6 46. Rf1 Qe5+ 47. Kg1 Rg3 48. Qh4 Rgxf3 49. Rxf3 Rxf3 50. Qxh6+ Kg8 51. Qh4 Qd4+ 0-1

[Event "SVK-ch sf 28th corr"]
[Site "Slovakia"]
[Date "2002.??.??"]
[Round "?"]
[White "Kupcik, Jozef"]
[Black "Mlynarcik, Stefan"]
[Result "1/2-1/2"]
[WhiteElo "2186"]
[BlackElo "1938"]
[PlyCount "63"]
[EventDate "2002.12.07"]
[EventType "tourn (corr)"]
[EventRounds "8"]
[EventCountry "SVK"]
[SourceTitle "Corr 2008"]
[Source "ChessBase"]
[SourceDate "2008.06.24"]
[SourceVersion "1"]
[SourceVersionDate "2008.06.24"]
[SourceQuality "1"]

1. e4 c5 2. Nf3 Nc6 3. d4 cxd4 4. Nxd4 Nf6 5. Nc3 d6 6. Bg5 e6 7. Qd2 a6 8. f3 h6 9. Be3 Be7 10. 0-0-0 Nxd4 11. Bxd4 b5 12. Kb1 Rb8 13. Ba7 Rb7 14. Be3 Qa5 15. Nd5 Qxd2 16. Nxf6+ gxf6 17. Bxd2 e5 18. a4 Be6 19. axb5 axb5 20. Bd3 Kd7 21. Be3 Kc6 22. g3 h5 23. f4 h4 24. gxh4 Rxh4 25. f5 Bc4 26. Bf2 Bxd3 27. cxd3 Rh3 28. d4 d5 29. Rc1+ Kd7 30. dxe5 dxe4 31. Rhd1+ Rd3 32. Rxd3+ 1/2-1/2

[Event "SVK-ch sf 28th corr"]
[Site "Slovakia"]
[Date "2002.??.??"]
[Round "?"]
[White "Priam, Stefan"]
[Black "Kupcik, Jozef"]
[Result "1-0"]
[WhiteElo "2022"]
[BlackElo "2186"]
[PlyCount "75"]
[EventDate "2002.12.07"]
[EventType "tourn (corr)"]
[EventRounds "8"]
[EventCountry "SVK"]
[SourceTitle "Corr 2008"]
[Source "ChessBase"]
[SourceDate "2008.06.24"]
[SourceVersion "1"]
[SourceVersionDate "2008.06.24"]
[SourceQuality "1"]

1. d4 d5 2. Bf4 c5 3. dxc5 Nc6 4. Nf3 f6 5. c3 e5 6. Be3 Nge7 7. Bd2 Ng6 8. b4 Bf5 9. e3 Be7 10. Be2 0-0 11. 0-0 Rc8 12. Qb3 b6 13. Ba6 Rb8 14. Bb5 Qd7 15. c4 bxc5 16. cxd5 Rxb5 17. dxc6+ Qe6 18. Qxe6+ Bxe6 19. a4 Rb6 20. b5 e4 21. Ne1 Bc4 22. Ba5 Rbb8 23. Nd2 Bxf1 24. Kxf1 f5 25. Rd1 Ra8 26. g4 f4 27. Ke2 fxe3 28. fxe3 Ne5 29. Nxe4 Nxg4 30. Rd7 Rfe8 31. Nf3 Nf6 32. Nxf6+ Bxf6 33. Nd2 Re7 34. Rd8+ Re8 35. Rxa8 Rxa8 36. Nc4 Be7 37. b6 axb6 38. Nxb6 1-0

[Event "SVK-Cup12 sf3 corr"]
[Site "Slovakia"]
[Date "2000.07.??"]
[Round "?"]
[White "Kotoucek, Milan"]
[Black "Kupcik, Jozef"]
[Result "0-1"]
[WhiteElo "1918"]
[BlackElo "2186"]
[PlyCount "84"]
[EventDate "2000.07.??"]
[EventType "tourn (corr)"]
[EventRounds "12"]
[EventCountry "SVK"]
[SourceTitle "Corr 2004"]
[Source "ChessBase"]
[SourceDate "2003.04.28"]
[SourceVersion "3"]
[SourceVersionDate "2003.04.28"]
[SourceQuality "1"]

1. d4 Nf6 2. c4 e6 3. Nf3 d5 4. Nc3 c6 5. Bg5 Be7 6. e3 0-0 7. c5 Nbd7 8. h3 e5 9. b4 exd4 10. Nxd4 a5 11. a3 Ne5 12. Bf4 Ng6 13. Bh2 Bd7 14. Bd3 axb4 15. axb4 b6 16. Rxa8 Qxa8 17. cxb6 Bxb4 18. 0-0 Qb7 19. Na4 c5 20. Bd6 Rc8 21. Nb5 Ne8 22. Bg3 Ra8 23. Qb3 Ra5 24. Nbc3 Bc6 25. Bxg6 hxg6 26. Rb1 Nf6 27. Qd1 d4 28. exd4 Bxg2 29. Kh2 Bxh3 30. Kxh3 cxd4 31. Rxb4 Rh5+ 32. Bh4 Rxh4+ 33. Kg3 Rh1 34. Nc5 Nh5+ 35. Qxh5 Qb8+ 36. Kg2 Rxh5 37. N3e4 Qh2+ 38. Kf1 Qh1+ 39. Ke2 Rxc5 40. Nxc5 Qh5+ 41. Kd3 Qxc5 42. Rb3 Qf5+ 0-1